[Event "AUTO-INT-1843"]
[Site "http://www.queenalice.com/game.php?id=845482"]
[Date "2010.10.14"]
[Round "1"]
[White "primael"]
[Black "WalkingDistance"]
[Result "0-1"]
[WhiteElo "1533"]
[BlackElo "1383"]

1. e4 e5 2. Nf3 d6 3. Nc3 Nc6 4. Bc4 h6 5. O-O a6 6. d4 f6 7. dxe5 fxe5 8. Nd5
Nf6 9. Nxf6+ Qxf6 10. c3 Bg4 11. Bd5 Na5 12. b4 c6 13. Bb3 Bxf3 14. Qxf3 Qxf3
15. gxf3 Nxb3 16. Rb1 Nxc1 17. Rbxc1 O-O-O 18. a4 g5 19. Ra1 Rg8 20. Rfb1 b5 21.
axb5 axb5 22. Ra6 Kd7 23. Rba1 Be7 24. Rb6 Ra8 25. Rb7+ Ke6 26. Rc1 g4 27. fxg4
Rxg4+ 28. Kf1 Rxe4 29. Rb6 Kd7 30. Rb7+ Ke6 31. Rb6 Rc4 32. Kg2 Bg5 33. Rg1 Rxc3
34. Rb1 Rc2 35. Kg3 Kf5 36. Rd1 Ra3+ 37. Kg2 Be3 38. Rb8 Rxf2+ 39. Kg3 Bd4+ 0-1

[Event "AUTO-INT-1880"]
[Site "http://www.queenalice.com/game.php?id=862480"]
[Date "2010.11.22"]
[Round "1"]
[White "UKopra"]
[Black "WalkingDistance"]
[Result "0-1"]
[WhiteElo "1834"]
[BlackElo "1677"]

1. d4 d5 2. c4 c6 3. Nf3 e6 4. e3 c5 5. Nc3 cxd4 6. Nxd4 Bb4 7. a3 Bxc3+ 8. bxc3
Ne7 9. Be2 Qc7 10. Nb5 Qc6 11. Qb3 a6 12. Nd4 Qd6 13. O-O O-O 14. a4 Nd7 15. Ba3
Nc5 16. Qc2 Bd7 17. Rab1 Bxa4 18. Qb2 Qc7 19. Qa2 Rfd8 20. Bxc5 Qxc5 21. Qxa4
Rdb8 22. cxd5 Nxd5 23. Qb4 Qxc3 24. Qxc3 Nxc3 25. Rbc1 Nxe2+ 26. Nxe2 e5 27. f4
f6 28. fxe5 fxe5 29. Rf5 Re8 30. e4 b5 31. Rc5 b4 32. Rfxe5 Rxe5 33. Rxe5 a5 34.
Nc1 Kf7 35. g4 Kf6 36. Rb5 Rc8 37. Nd3 Ra8 38. e5+ Ke6 39. Nf4+ Kd7 40. e6+ Kc6
41. Rd5 g5 42. Rxg5 b3 43. Nd3 a4 44. e7 Kd7 45. Re5 Ke8 46. Re3 a3 47. Nb4 b2
48. Rb3 Rb8 49. Kf2 a2 50. Rxb2 a1=Q 51. Ra2 Qf6+ 52. Kg3 Rxb4 53. Ra8+ Kxe7 54.
Ra7+ Ke6 55. Ra6+ Kf7 56. Rxf6+ Kxf6 57. Kh4 Kg6 58. Kg3 Kg5 59. h4+ Kg6 60. h5+
Kg5 0-1

[Event "AUTO-INT-1880"]
[Site "http://www.queenalice.com/game.php?id=862481"]
[Date "2010.11.22"]
[Round "1"]
[White "WalkingDistance"]
[Black "UKopra"]
[Result "1-0"]
[WhiteElo "1604"]
[BlackElo "1728"]

1. e4 e5 2. Nf3 Nc6 3. Bb5 a6 4. Bxc6 dxc6 5. Nxe5 Nf6 6. f3 Be6 7. d4 c5 8. c3
b5 9. d5 Bc8 10. Bg5 h6 11. Bxf6 Qxf6 12. Nd3 Qg6 13. Qe2 Bd6 14. O-O Bh3 15.
Kh1 c4 16. gxh3 cxd3 17. Qxd3 Qh5 18. f4 O-O 19. Nd2 f5 20. e5 Bc5 21. Rad1 Rad8
22. Rfe1 Qh4 23. Qg3 Qh5 24. b4 Be7 25. Rg1 Rf7 26. e6 Bf6 27. exf7+ Qxf7 28.
Nf3 Bxc3 29. Ne5 Bxe5 30. fxe5 Rxd5 31. Qxg7+ Qxg7 32. Rxg7+ Kxg7 33. Rxd5 Kf7
34. Rd7+ Ke6 35. Rxc7 Kxe5 36. Rc6 f4 37. Rxh6 Ke4 38. Kg1 Ke3 39. Kf1 Kd3 40.
Rxa6 Kc3 41. h4 Kxb4 42. h5 Kc3 43. h6 1-0

[Event "AUTO-INT-1880"]
[Site "http://www.queenalice.com/game.php?id=862504"]
[Date "2010.11.22"]
[Round "1"]
[White "WalkingDistance"]
[Black "galopin"]
[Result "0-1"]
[WhiteElo "1720"]
[BlackElo "1768"]

1. e4 e5 2. Nf3 Nf6 3. d3 d5 4. Nxe5 dxe4 5. dxe4 Qxd1+ 6. Kxd1 Nxe4 7. Be3 Bd6
8. Bd3 Nf6 9. Bd4 O-O 10. f3 Re8 11. Re1 Nbd7 12. f4 Nc5 13. g3 Ng4 14. Nxg4
Bxg4+ 15. Kd2 Nxd3 16. Rxe8+ Rxe8 17. cxd3 c5 18. Bc3 Re2+ 19. Kc1 Rxh2 20. Nd2
Rh1+ 21. Kc2 Rxa1 22. b3 Rxa2+ 23. Kb1 Ra6 24. Ne4 Be7 25. d4 Bf5 0-1

[Event "AUTO-INT-1880"]
[Site "http://www.queenalice.com/game.php?id=862505"]
[Date "2010.11.22"]
[Round "1"]
[White "galopin"]
[Black "WalkingDistance"]
[Result "1-0"]
[WhiteElo "1781"]
[BlackElo "1702"]

1. d4 d5 2. c4 c6 3. Nf3 f6 4. cxd5 cxd5 5. Nc3 e6 6. e3 Nc6 7. Bb5 Bd7 8. a3
Bd6 9. O-O Nh6 10. e4 O-O 11. Bxh6 gxh6 12. exd5 Nxd4 13. Bxd7 Nxf3+ 14. Qxf3
Qxd7 15. Rfe1 e5 16. Ne4 f5 17. Nxd6 Qxd6 18. Qg3+ Kf7 19. Rxe5 Kf6 20. Re6+
Qxe6 21. dxe6 Kxe6 22. Qb3+ Ke5 23. Re1+ Kf6 24. Qxb7 1-0

[Event "AUTO-INT-1912"]
[Site "http://www.queenalice.com/game.php?id=880197"]
[Date "2011.1.2"]
[Round "1"]
[White "chess1200"]
[Black "WalkingDistance"]
[Result "1-0"]
[WhiteElo "2030"]
[BlackElo "1686"]

1. e4 e5 2. f4 f6 3. Nf3 d6 4. Bc4 g6 5. fxe5 fxe5 6. O-O Nf6 7. Ng5 d5 8. exd5
Nxd5 9. Qf3 Qxg5 10. Qf7+ Kd8 11. Bxd5 c6 12. d3 Qe7 13. Qxe7+ Bxe7 14. Be4 1-0

[Event "AUTO-INT-1912"]
[Site "http://www.queenalice.com/game.php?id=880198"]
[Date "2011.1.2"]
[Round "1"]
[White "WalkingDistance"]
[Black "chess1200"]
[Result "0-1"]
[WhiteElo "1688"]
[BlackElo "2028"]

1. e4 e6 2. d3 c5 3. Nf3 Nc6 4. g3 Nf6 5. Bh3 Be7 6. O-O d6 7. Nc3 a6 8. Re1 O-O
9. a3 e5 10. Bxc8 Qxc8 11. Qe2 Re8 0-1

[Event "AUTO-INT-1912"]
[Site "http://www.queenalice.com/game.php?id=880207"]
[Date "2011.1.2"]
[Round "1"]
[White "sasquatico"]
[Black "WalkingDistance"]
[Result "1-0"]
[WhiteElo "1719"]
[BlackElo "1633"]

1. e4 e5 2. Nf3 d6 3. Bc4 h6 4. Nc3 Nf6 5. h3 Qe7 6. O-O Nc6 7. d3 Be6 8. Nd5
Bxd5 9. exd5 Nb4 10. c3 Nbxd5 11. Bxd5 Nxd5 12. c4 Nb6 13. Be3 1-0